| 000 | 00573nam a2200181Ia 4500 | ||
|---|---|---|---|
| 003 | OSt | ||
| 005 | 20200708131310.0 | ||
| 008 | 190216s9999||||xx |||||||||||||| ||und|| | ||
| 020 | _a9780195643343 | ||
| 040 | _coclc | ||
| 082 |
_a954.03 _bAMI/S |
||
| 100 |
_aAmin, Sahid _93669 |
||
| 245 | 0 |
_aSubaltern Studies 9 : _bWritings On South Asian History And Society / _cSahid Amin ; Dipesh Chakrabarty |
|
| 260 |
_bOxford University Press, _c2011. _aNew Delhi: |
||
| 300 | _a284p | ||
| 650 | _aHistory | ||
| 942 |
_cBK _2ddc _h954.03 _iAMI/S _k954.03 _mAMI/S |
||
| 999 |
_c21501 _d21501 |
||